Southville International School and Colleges
Your cart is empty.
  • Cart
  • Lists
    Public lists Eva Luna New books Lux_list list_1
    Your lists Log in to create your own lists
  • Log in to your account
  • Your cookies
  • Search history
Southville International School and Colleges
  • Advanced search
  • Recent comments
  • Most popular
  • Libraries

Log in to your account

Log in with GOOGLE


If you do not have an external account, but do have a local account, you can still log in:

  1. Home
  2. MARC view: Learning About Diversity in Hong Kong: Multiculturalism in Liberal Studies Textbooks
Normal view MARC view ISBD view

Learning About Diversity in Hong Kong: Multiculturalism in Liberal Studies Textbooks (Record no. 340908)

[ view plain ]
MARC details
000 -LEADER
fixed length control field 00555nam a2200181Ia 4500
008 - FIXED-LENGTH DATA ELEMENTS--GENERAL INFORMATION
fixed length control field 170725s9999 xx 000 0 und d
100 ## - MAIN ENTRY--PERSONAL NAME
Personal name Liz Jackson
245 ## - TITLE STATEMENT
Title Learning About Diversity in Hong Kong: Multiculturalism in Liberal Studies Textbooks
245 ## - TITLE STATEMENT
Statement of responsibility, etc Liz Jackson
260 ## - PUBLICATION, DISTRIBUTION, ETC. (IMPRINT)
Date of publication, distribution, etc 2017
300 ## - PHYSICAL DESCRIPTION
Extent pages 21-29, April
440 ## - SERIES STATEMENT/ADDED ENTRY--TITLE
Title The Asia-Pacific Education Researcher
Volume number/sequential designation 26:1-2
500 ## - GENERAL NOTE
General note CJ0033
650 ## - SUBJECT ADDED ENTRY--TOPICAL TERM
Topical term or geographic name as entry element DIVERSITY, ETHNIC MINORITIES, LIBERAL STUDIES
650 ## - SUBJECT ADDED ENTRY--TOPICAL TERM
Topical term or geographic name as entry element HONG KONG
650 ## - SUBJECT ADDED ENTRY--TOPICAL TERM
Topical term or geographic name as entry element MULTICULTURALISM
650 ## - SUBJECT ADDED ENTRY--TOPICAL TERM
Topical term or geographic name as entry element TEXTBOOKS
Holdings
Withdrawn status Lost status Damaged status Home library Current library Date acquired Total Checkouts Date last seen Price effective from Koha item type
      College Library College Library 07/25/2017   07/25/2017 07/25/2017 Periodicals

Learning About Diversity in Hong Kong: Multiculturalism in Liberal Studies Textbooks

APA

Liz Jackson, . (2017). Learning About Diversity in Hong Kong: Multiculturalism in Liberal Studies Textbooks. : .

Chicago

Liz Jackson, . 2017. Learning About Diversity in Hong Kong: Multiculturalism in Liberal Studies Textbooks. : .

Harvard

Liz Jackson, . (2017). Learning About Diversity in Hong Kong: Multiculturalism in Liberal Studies Textbooks. : .

MLA

Liz Jackson, . Learning About Diversity in Hong Kong: Multiculturalism in Liberal Studies Textbooks. : . 2017.

  • Place hold
  • Print
  • Cite
  • Add to your cart (remove)
  • Save record
    BIBTEX Dublin Core MARCXML MARC (non-Unicode/MARC-8) MARC (Unicode/UTF-8) MARC (Unicode/UTF-8, Standard) MODS (XML) RIS
  • More searches
    Search for this title in:
    Other Libraries (WorldCat) Other Databases (Google Scholar) Online Stores (Bookfinder.com) Open Library (openlibrary.org)

Exporting to Dublin Core...

SOUTHVILLE LIBRARY

Southville International School and Colleges Library

1281 Tropical Ave. Cor. Luxembourg St., BF Homes International, Las Pinas City

Tel. No. 8256374 / 252358 Loc. 117/146

Powered by Koha